The Partner (Record no. 549593)
[ view plain ]
| 000 -LEADER | |
|---|---|
| fixed length control field | 00300nam a22001217a 4500 |
| 020 ## - INTERNATIONAL STANDARD BOOK NUMBER | |
| International Standard Book Number | 0099410311 |
| 082 ## - DEWEY DECIMAL CLASSIFICATION NUMBER | |
| Classification number | 823 |
| Author Mark | GRI |
| -- | L-NUST |
| 100 ## - MAIN ENTRY--PERSONAL NAME | |
| Personal name | Grisham John |
| 9 (RLIN) | 9825 |
| 245 ## - TITLE STATEMENT | |
| Title | The Partner |
| Statement of responsibility, etc. | Grisham John |
| 300 ## - PHYSICAL DESCRIPTION | |
| Extent | p 410 |
| Other physical details | ill |
| Dimensions | 10cm |
| 526 ## - STUDY PROGRAM INFORMATION NOTE | |
| Program name | 0 |
| Interest level | 0 |
| Reading level | 0 |
| Title point value | 823_000000000000000_GRI |
| 942 ## - ADDED ENTRY ELEMENTS (KOHA) | |
| Source of classification or shelving scheme | |
| Koha item type | Book |
| Withdrawn status | Lost status | Source of classification or shelving scheme | Damaged status | Not for loan | Permanent Location | Current Location | Date acquired | Total Checkouts | Total Renewals | Full call number | Barcode | Date last seen | Date last checked out | Price effective from | Koha item type |
|---|---|---|---|---|---|---|---|---|---|---|---|---|---|---|---|
| Military College of Engineering (MCE) | Military College of Engineering (MCE) | 09/30/2014 | 2 | 2 | 823 GRI | MCE-44399 | 08/19/2020 | 03/05/2020 | 09/30/2014 | Book |
